Statistiche per Quiz sulla Georgia

Clicka qui per fare il quiz!

Statistiche generali

  • Questo quiz è stato fatto 656 volte
  • Il punteggio medio è 11 su 15

Statistiche sulle risposte

DomandaRisposta% Corretto
Stati confinantiArmenia
96%
Stati confinantiRussia
96%
Mare che bagna la GeorgiaMar Nero
94%
Stati confinantiTurchia
90%
CapitaleTbilisi
88%
Ce ne sono 5 sulla bandieraCroci
87%
Stato da cui ha ottenuto l'indipendenza nel 1991Unione Sovietica
87%
Catena montuosa al confine settentrionaleCaucaso
73%
Stati confinantiAzerbaigian
72%
Dittatore nato a Gori nel 1878
(indizio: battezzato come Iosif Vissarionovič Džugašvili)
Giuseppe Stalin
67%
Nome della regione della Georgia in epoca romana, da non confondere
con Portogallo e Spagna
Iberia
59%
Aree della Georgia controllate dalla Russia{Ossezia} del Sud
51%
Santo patrono della GeorgiaSan Giorgio
47%
Aree della Georgia controllate dalla RussiaAbcasia
33%
La più grande città su questo mareBatumi
33%

Distribuzione punteggi

Percentile per numero di risposta

Percentuale di utenti per punteggio

I tuoi punteggi nel tempo

Non hai fatto questo quiz